Ecofeminist literary criticism : theory, interpretation, pedagogy
Αποθηκεύτηκε σε:
| Άλλοι συγγραφείς: | , |
|---|---|
| Μορφή: | Βιβλίο |
| Γλώσσα: | English |
| Δημοσίευση: |
Urbana :
University of Illinois Press,
c1998
|
| Σειρά: | Environment and the human condition
|
| Θέματα: | |
| Ετικέτες: |
Προσθήκη ετικέτας
Δεν υπάρχουν, Καταχωρήστε ετικέτα πρώτοι!
|
MARC
| LEADER | 00000nam a2200000 i 4500 | ||
|---|---|---|---|
| 001 | 1/21777 | ||
| 008 | 060116s1998 eng d | ||
| 020 | |a 0-252-06708-8 | ||
| 035 | |l 10081970 | ||
| 040 | |a GR-MY-UA |b gre |e aacr | ||
| 041 | 0 | |a eng | |
| 082 | 0 | |a 305.4201 |2 (22) | |
| 245 | 1 | 0 | |a Ecofeminist literary criticism : |b theory, interpretation, pedagogy / |c edited by Greta Gaard and Patrick D. Murphy |
| 260 | |a Urbana : |b University of Illinois Press, |c c1998 | ||
| 300 | |a 257 σ.; |c 24 εκ. | ||
| 490 | 1 | |a The environment and the human condition | |
| 504 | |a Περιέχει βιβλιογραφία και ευρετήριο | ||
| 650 | 0 | 0 | |a American literature |x Women authors |x History and criticism. |
| 650 | 0 | 0 | |a Ecology in literature. |
| 650 | 0 | 0 | |a American literature |x Women authors |x History and criticism |x Theory, etc. |
| 650 | 0 | 0 | |a American literature |x Women authors |x Study and teaching. |
| 650 | 0 | 0 | |a Feminism and literature |z United States. |
| 650 | 0 | 0 | |a Women and literature |z United States. |
| 650 | 0 | 0 | |a Human ecology in literature. |
| 650 | 0 | 0 | |a Feminist literary criticism. |
| 650 | 0 | 0 | |a Ecofeminism in literature. |
| 650 | 0 | 0 | |a Ecofeminism. |
| 650 | 0 | 0 | |a Nature in literature. |
| 700 | 1 | |a Gaard, Greta Claire. |4 edt | |
| 700 | 1 | |a Murphy, Patrick D. |d 1951- |4 edt | |
| 830 | 0 | |a Environment and the human condition | |
| 852 | |a INST |b LESVOS |e 20060116 |h 305.4201 ECO |p 005100033926 |q 005100033926 |t BK |y 0 | ||
| 901 | |a BIBL1-2006-1 | ||
| 909 | |a Λ |b 125208 | ||
| 920 | |a ΕΠΕΑΕΚ ΠΜΣ ΓΥΝΑΙΚΕΣ ΚΑΙ ΦΥΛΑ |y ΛΕΣΒΟΣ |z 2005-11 | ||
| 970 | |a ΚΑΡΑ |b ΓΙΑΣΕΜΗ |z 2006/01/16 | ||